000 00789nam a2200301Ia 4500
001 13575
005 20240113235454.0
007 ta
008 051112s1987 a g b000 u asm u
040 _aCotton College,Assam
041 _aasm
082 _a891.41408
_bSh 11 Be
100 _aSharma, Thaneswar .
245 0 _aVeda Kananar Ekanjali Phul /
_cThaneswar Sharma.
_hTextual Documents
250 _a1st ed. /
260 _aBarpeta :
_bKetaki Prakashan ,
_c1987.
300 _a132p. :
_bill ;
_c22cm .
653 _aAssamese Essays-Collections
653 _aG-Assamese
653 _aT/G-Vedic Literature
942 _2ddc
_cBK
999 _c13561
_d13561